[Event "POLFINAL MISTRZOSTW POLSKI JUNIOROW 2018 - D13"]
[Site "Szczyrk"]
[Date "1899-12-30"]
[Round "1.1"]
[White "Szymura, Oliwia"]
[Black "Krzyzosiak, Anna"]
[Result "0-1"]
[WhiteTitle "II"]
[BlackTitle "I++"]
[WhiteElo "1174"]
[BlackElo "1515"]

1. e4 e5 2. Nf3 Nc6 3. Bc4 Nf6 4. O-O Bc5 5. c3 Nxe4 6. d4 exd4 7. cxd4 Bb6 8.
Bd5 Nf6 9. Re1+ Ne7 10. Nc3 h6 11. Qd3 O-O 12. Bb3 d6 13. Be3 Bf5 14. Qd2 Ba5
15. Rac1 Ned5 16. Bc2 Bxc2 17. Rxc2 Nb4 18. Rcc1 Nxa2 19. Ra1 Nxc3 20. Rxa5 Ncd5
21. Rea1 a6 22. b4 Nxe3 23. Qxe3 Re8 24. Qb3 c6 25. Nd2 Qe7 26. f3 Rad8 27. Qd3
Qe3+ 28. Qxe3 Rxe3 29. R5a3 Re2 30. Rd3 Nd5 31. Rb1 Nf4 32. Kf1 Rxg2 33. Re3 Rxd2
34. Re4 Ne6 35. Ke1 Rxd4 36. Rxd4 Nxd4 37. Kf2 Re8 38. Rd1 Nb5 39. Rd2 d5 40.
h3 Nc3 41. Rd3 Nb5 42. Kg3 Nd6 43. h4 Re2 44. Rb3 Nf5+ 45. Kg4 Re3 46. Rb2 Nd4
47. Rd2 Nxf3 48. Rf2 Ne5+ 49. Kf4 Re4+ 50. Kg3 Rxb4 51. Re2 Re4 52. Rb2 b5 53.
Rc2 a5 54. Ra2 a4 55. h5 c5 56. Rd2 Rd4 57. Re2 f6 58. Rb2 b4 59. Ra2 a3 60. Rc2
c4 61. Re2 b3 62. Re3 Rd3 63. Rxd3 Nxd3 64. Kf3 a2 65. Ke3 a1=Q 66. Kf3 Qe5 67.
Kg2 Qe3 68. Kf1 Qf2# 0-1

[Event "POLFINAL MISTRZOSTW POLSKI JUNIOROW 2018 - D13"]
[Site "Szczyrk"]
[Date "1899-12-30"]
[Round "1.2"]
[White "Bialek, Alicja"]
[Black "Golinska, Patrycja"]
[Result "1-0"]
[WhiteTitle "I"]
[BlackTitle "I"]
[WhiteElo "1331"]
[BlackElo "1140"]

1. e4 e5 2. Nf3 Nc6 3. Bc4 Nf6 4. d4 exd4 5. e5 Ne4 6. Qe2 Bb4+ 7. Kf1 Nc5 8. a3
Ba5 9. b4 Nxb4 10. axb4 Bxb4 11. Nxd4 O-O 12. c3 d5 13. Bb5 c6 14. cxb4 Ne4 15.
Bd3 Re8 16. Bxe4 dxe4 17. Bb2 Qb6 18. Bc3 c5 19. bxc5 Qxc5 20. Nb5 Be6 21. Nd6
Red8 22. Ke1 Rd7 23. Nxe4 Qc6 24. Nbd2 Rad8 25. Rc1 Bf5 26. f4 Qb6 27. Nc4 Qc6
28. Ncd6 Bxe4 29. Nxe4 Qb6 30. f5 Rd3 31. Bd2 Qb2 32. Qxd3 Qxc1+ 33. Bxc1 Rxd3
34. Ke2 Rd4 35. Rd1 Rxd1 36. Kxd1 Kf8 37. Ba3+ Ke8 38. Nd6+ Kd7 39. Nxb7 g6 40.
Nc5+ Ke7 41. Ne4+ Kd7 42. Nf6+ 1-0

[Event "POLFINAL MISTRZOSTW POLSKI JUNIOROW 2018 - D13"]
[Site "Szczyrk"]
[Date "1899-12-30"]
[Round "1.3"]
[White "Szczykutowicz, Hanna"]
[Black "Cieslak, Jessica"]
[Result "0-1"]
[WhiteTitle "II"]
[BlackTitle "I"]
[WhiteElo "1133"]
[BlackElo "1318"]

1. e4 c5 2. Nf3 g6 3. d4 Bg7 4. Nc3 cxd4 5. Nxd4 Nc6 6. Be3 d6 7. Bc4 Nf6 8. h3
Bd7 9. f4 Qc7 10. Qf3 Nxd4 11. Bxf7+ Kxf7 12. Bxd4 Ke8 13. g4 Rf8 14. O-O Nh5
15. Bxg7 Nxg7 16. Qg3 Qb6+ 17. Rf2 Rc8 18. b3 Qd4 19. Qh4 Qxc3 20. Raf1 Bb5 21.
Rd1 Rh8 22. Qg5 Bd7 23. Rd3 Qe1+ 24. Rf1 Qxe4 25. Kf2 Ne6 26. Qd5 Qxd5 27. Rxd5
Nxf4 28. Rd2 Nxh3+ 29. Kg3 Ng5 30. Re2 Rf8 31. Rd1 Kd8 32. Rde1 Rf7 33. Rh1 Rc3+
34. Kh4 Nf3+ 35. Kg3 Nd4+ 36. Kg2 Nxe2 37. g5 Rg3+ 38. Kh2 Rf2# 0-1

[Event "POLFINAL MISTRZOSTW POLSKI JUNIOROW 2018 - D13"]
[Site "Szczyrk"]
[Date "1899-12-30"]
[Round "1.4"]
[White "Czerwinska, Oliwia"]
[Black "Zalega, Joanna"]
[Result "1-0"]
[WhiteTitle "I"]
[BlackTitle "II"]
[WhiteElo "1300"]
[BlackElo "1129"]

1. e4 c5 2. c3 d5 3. exd5 Qxd5 4. d4 Nc6 5. Nf3 e5 6. Nxe5 Nxe5 7. dxe5 Qxe5+ 8.
Qe2 Qxe2+ 9. Bxe2 Nf6 10. Bg5 Be7 11. Na3 a6 12. O-O O-O 13. Rfe1 Bd8 14. Bf3
Rb8 15. Bf4 Ra8 16. Bd6 Re8 17. Rxe8+ Nxe8 18. Bxc5 Rb8 19. Re1 Bd7 20. Bg4 Bc6
21. Bf3 Bd7 22. Rd1 Be6 23. Ba7 Ra8 24. Bxb7 Rxa7 25. Rxd8 Kf8 26. Bc6 Re7 27.
Rxe8+ Rxe8 28. Bxe8 Kxe8 29. b3 Kd7 30. Kf1 Kd6 31. Ke2 Ke5 32. Ke3 Bd5 33. f3
g5 34. Nc4+ Bxc4 35. bxc4 f5 36. g3 f4+ 37. gxf4+ gxf4+ 38. Kd3 a5 39. a4 h6 40.
h3 h5 41. h4 Kd6 42. Kd4 Kc6 43. c5 Kc7 44. Kd5 Kd7 45. c6+ Kc7 46. Kc5 Kc8 47.
Kb6 Kb8 48. c7+ Kc8 49. c4 Kd7 50. Kb7 Kd6 51. c8=Q Ke5 52. Qc5+ Ke6 53. Qd5+
Kf6 54. c5 Ke7 55. c6 Kf6 56. c7 Ke7 57. c8=R Kf6 1-0

[Event "POLFINAL MISTRZOSTW POLSKI JUNIOROW 2018 - D13"]
[Site "Szczyrk"]
[Date "1899-12-30"]
[Round "1.5"]
[White "Bienek, Magdalena"]
[Black "Reszka, Zofia"]
[Result "0-1"]
[WhiteTitle "II"]
[BlackTitle "I"]
[WhiteElo "1126"]
[BlackElo "1256"]

1. c4 e6 2. Nc3 d5 3. cxd5 exd5 4. d4 c6 5. Bf4 Bd6 6. Bxd6 Qxd6 7. e3 Nf6 8. Bd3
O-O 9. Nge2 Re8 10. O-O b6 11. Nf4 Na6 12. a3 Nc7 13. Rc1 Ne6 14. Nh5 Ng5 15.
Nxf6+ Qxf6 16. Qa4 Re6 17. Ne2 Qh6 18. Nf4 Rf6 19. Nxd5 Nf3+ 20. gxf3 Qg5+ 21.
Kh1 Qxd5 22. Be4 Qh5 23. f4 Rh6 24. Kg2 Qh3+ 25. Kg1 Qxh2# 0-1

[Event "POLFINAL MISTRZOSTW POLSKI JUNIOROW 2018 - D13"]
[Site "Szczyrk"]
[Date "1899-12-30"]
[Round "1.6"]
[White "Niemier, Martyna"]
[Black "Trybus, Dominika"]
[Result "0-1"]
[WhiteTitle "II"]
[BlackTitle "II"]
[WhiteElo "1231"]
[BlackElo "1118"]

1. d4 f5 2. c4 Nf6 3. Nc3 g6 4. Nf3 Bg7 5. g3 d6 6. Bg2 O-O 7. O-O e6 8. b3 d5
9. cxd5 exd5 10. Bb2 Ne4 11. Rc1 Nc6 12. Ne5 Ne7 13. Nxe4 fxe4 14. Ba3 Rf6 15.
f3 Nf5 16. Ng4 Ra6 17. Bb2 exf3 18. Bxf3 Rxa2 19. Bc3 h5 20. Ne5 Bh6 21. Rb1 Ne3
22. Qd3 Bf5 23. Qb5 a6 24. Qxb7 Rb8 25. Qc6 Rb6 26. Bxd5+ Kh7 27. Nf7 Qc8 28.
Nd6 Rxc6 29. Nxc8 Rxc3 30. Ne7 Nxf1 31. Rxf1 Rxe2 32. Bg8+ Kg7 33. Bd5 Rcc2 34.
Nxf5+ gxf5 35. Rf3 Rc1+ 36. Rf1 Be3+ 37. Kh1 Rxf1# 0-1

[Event "POLFINAL MISTRZOSTW POLSKI JUNIOROW 2018 - D13"]
[Site "Szczyrk"]
[Date "1899-12-30"]
[Round "1.7"]
[White "Sidlo, Malgorzata"]
[Black "Kot, Marta"]
[Result "1/2-1/2"]
[WhiteTitle "II"]
[BlackTitle "II"]
[WhiteElo "1108"]
[BlackElo "1230"]

1. e4 e5 2. Nf3 Nc6 3. Nc3 Nf6 4. Bb5 d6 5. d4 exd4 6. Nxd4 Bd7 7. Bg5 g6 8. O-O
Bg7 9. Nxc6 Bxc6 10. Qf3 Bxb5 11. Nxb5 O-O 12. Nc3 Re8 13. Rfe1 Re6 14. Nd5 c6
15. Nf4 Re5 16. Bxf6 Qxf6 17. Nd3 Qxf3 18. gxf3 Rg5+ 19. Kf1 Re8 20. f4 Rh5 21.
Kg2 Rb5 22. c3 c5 23. Rab1 c4 24. Nb4 a5 25. Nd5 Rc5 26. a3 f5 27. f3 fxe4 28.
fxe4 Kf8 29. Kf2 b5 30. b4 cxb3 31. Rxb3 a4 32. Rb4 Bxc3 33. Nxc3 Rxc3 34. Rxb5
Rxa3 35. Kg1 Rf3 36. Ra1 Rxf4 37. Rxa4 Rfxe4 38. Ra7 R4e7 39. Ra6 Re5 40. Rb7
R5e7 41. Rxe7 Kxe7 42. Ra7+ Kf6 43. Rxh7 Rd8 44. h4 d5 45. h5 gxh5 46. Rxh5 d4
47. Kf1 Ke6 48. Ke1 Rf8 49. Kd2 Rd8 50. Kd3 Rd7 51. Ra5 Kf6 52. Rb5 Ke6 53. Ra5
Rd5 54. Ra8 Ke5 55. Re8+ Kd6 56. Rd8+ Kc5 57. Rc8+ Kd6 58. Rd8+ 1/2-1/2

[Event "POLFINAL MISTRZOSTW POLSKI JUNIOROW 2018 - D13"]
[Site "Szczyrk"]
[Date "1899-12-30"]
[Round "1.8"]
[White "Uliasz, Katarzyna"]
[Black "Matusik, Zuzanna"]
[Result "0-1"]
[WhiteTitle "I"]
[BlackTitle "I"]
[WhiteElo "1229"]
[BlackElo "1074"]

1. e4 e5 2. Nf3 Nc6 3. Bb5 Nf6 4. d3 d6 5. h3 Bd7 6. O-O Be7 7. Nbd2 O-O 8. Re1
Re8 9. Nf1 a6 10. Ba4 Na5 11. Bb3 Nxb3 12. axb3 h6 13. Ng3 Nh7 14. Nh2 Bh4 15.
Nf5 Bxf5 16. exf5 Qf6 17. Ng4 Qxf5 18. Bxh6 Bxf2+ 19. Nxf2 gxh6 20. Ng4 Qg6 21.
Qf3 c6 22. h4 f5 23. Nf2 Kh8 24. Ra4 h5 25. Kh2 Rg8 26. g3 Nf6 27. Nh1 b5 28.
Raa1 c5 29. Rg1 Qg4 30. Qc6 f4 31. Qg2 fxg3+ 32. Nxg3 Qxh4+ 33. Qh3 Ng4+ 34. Kg2
Ne3+ 35. Kh2 Qxh3+ 36. Kxh3 Nxc2 37. Raf1 Raf8 38. Nxh5 Rxf1 39. Rxf1 Rg6 40.
Rf8+ Kh7 41. Ra8 Nb4 42. Ra7+ Kh6 43. Ng3 Nxd3 44. Kh4 Rf6 45. Rxa6 Nxb2 46. Kh3
Rg6 47. Nf5+ Kg5 48. Nxd6 Kf4 49. Ra2 Rxd6 50. Rxb2 Kf3 51. Kh2 e4 52. b4 cxb4
53. Rxb4 Rd5 54. Rb3+ e3 55. Kg1 Rd1+ 56. Kh2 Rd5 57. Kg1 Rh5 58. Ra3 b4 59. Rb3
Rh4 60. Rb2 Rd4 61. Rh2 Rd1# 0-1

[Event "POLFINAL MISTRZOSTW POLSKI JUNIOROW 2018 - D13"]
[Site "Szczyrk"]
[Date "1899-12-30"]
[Round "1.9"]
[White "Labedz, Gabriela"]
[Black "Lajdamik, Anna"]
[Result "0-1"]
[WhiteTitle "II"]
[BlackTitle "II"]
[WhiteElo "1062"]
[BlackElo "1227"]

1. e4 c6 2. Nf3 d5 3. exd5 cxd5 4. d4 Bg4 5. Be3 Nf6 6. Nbd2 Nc6 7. c3 e6 8. Bb5
Ne4 9. Qa4 f6 10. Bxc6+ bxc6 11. Qxc6+ Kf7 12. Nxe4 dxe4 13. Qxe4 Bf5 14. Qc6
Rb8 15. b3 Ba3 16. Bc1 Be7 17. Bb2 Bd3 18. Rd1 Rb6 19. Ne5+ fxe5 20. Qf3+ Bf5
21. g4 e4 22. Qh3 Bg6 23. O-O h5 24. f3 Kg8 25. fxe4 hxg4 26. Qd3 Rh3 27. Qe2
Qc7 28. e5 Bf5 29. b4 Bg5 30. Bc1 Bh4 31. d5 g3 32. hxg3 Rxg3+ 33. Kh2 Bg4 34.
Qe4 Qxc3 35. Qf4 Rh3+ 36. Kg1 Qg3+ 37. Qxg3 Rxg3+ 38. Kh2 Bxd1 39. Rxd1 exd5 40.
Rd4 Rc3 41. Bd2 Rc2 42. Kh3 Be7 43. Rxd5 Bxb4 44. Bg5 Be1 45. Rd7 Rc3+ 46. Kg4
Rb4+ 47. Kf5 Rf3+ 48. Ke6 Rb6+ 49. Rd6 Bg3 50. a4 Ra3 51. a5 Rxa5 52. Bd8 Rxe5+
53. Kd7 Rxd6+ 54. Kxd6 Re8+ 55. Kd7 Rxd8+ 56. Kxd8 a5 57. Kd7 a4 0-1

[Event "POLFINAL MISTRZOSTW POLSKI JUNIOROW 2018 - D13"]
[Site "Szczyrk"]
[Date "1899-12-30"]
[Round "1.10"]
[White "Baran, Dagmara"]
[Black "Samol, Julia"]
[Result "1-0"]
[WhiteTitle "I"]
[BlackTitle "III"]
[WhiteElo "1220"]
[BlackElo "1025"]

1. e4 e5 2. Nf3 Nc6 3. Bb5 d6 4. d3 Bg4 5. c3 Be7 6. O-O Nf6 7. Nbd2 O-O 8. Re1
Nd7 9. h3 Bh5 10. Nf1 f6 11. Ng3 Bf7 12. Nh4 d5 13. Qg4 g6 14. Nhf5 dxe4 15. dxe4
Kh8 16. Nh6 Qe8 17. Rd1 Nb6 18. Be3 Bd6 19. Bxb6 axb6 20. Bxc6 bxc6 21. Nxf7+
Qxf7 22. b3 Rfd8 23. Qf3 Be7 24. Rxd8+ Rxd8 25. Rd1 Rxd1+ 26. Qxd1 Qe6 27. Qd2
Qd6 28. Qxd6 cxd6 29. Kf1 Kg7 30. Ke2 Kf7 31. a4 Bd8 32. Kd3 Ke7 33. Kc4 Kd7 34.
b4 c5 35. Kb5 Kc8 36. Kc6 Bc7 37. Nf1 f5 38. f3 fxe4 39. fxe4 cxb4 40. cxb4 Kd8
41. Ne3 h6 42. Nd5 Bb8 43. Kxb6 Kc8 44. a5 Kd8 45. Kb7 Kd7 46. Kxb8 Kc6 47. a6
Kb5 48. a7 Kc4 49. a8=Q 1-0

[Event "POLFINAL MISTRZOSTW POLSKI JUNIOROW 2018 - D13"]
[Site "Szczyrk"]
[Date "1899-12-30"]
[Round "2.1"]
[White "Krzyzosiak, Anna"]
[Black "Baran, Dagmara"]
[Result "1-0"]
[WhiteTitle "I++"]
[BlackTitle "I"]
[WhiteElo "1515"]
[BlackElo "1220"]

1. e4 e6 2. d4 d5 3. Nd2 Nf6 4. e5 Nfd7 5. Bd3 c5 6. c3 Nc6 7. Ne2 Qb6 8. Nf3 Be7
9. O-O O-O 10. Nf4 cxd4 11. cxd4 Kh8 12. Bb1 Nd8 13. Qd3 f5 14. exf6 Nxf6 15.
Ng5 g6 16. Nxh7 Kxh7 17. Qxg6+ Kh8 18. Qh6+ Kg8 19. Ng6 Kf7 20. Ne5+ Ke8 21. Bg6+
Nf7 22. Bxf7+ Rxf7 23. Qg6 Qxd4 24. Qxf7+ Kd8 25. Ng6 Bd6 26. Bg5 Bd7 27. Bxf6+
Qxf6 28. Qxf6+ 1-0

[Event "POLFINAL MISTRZOSTW POLSKI JUNIOROW 2018 - D13"]
[Site "Szczyrk"]
[Date "1899-12-30"]
[Round "2.2"]
[White "Pietrzak, Emilia"]
[Black "Bialek, Alicja"]
[Result "1-0"]
[WhiteTitle "II+"]
[BlackTitle "I"]
[WhiteElo "1189"]
[BlackElo "1331"]

1. e4 d5 2. exd5 Qxd5 3. Nc3 Qd8 4. Nf3 g6 5. b3 Bg7 6. Bb2 a6 7. d3 b5 8. a3 Bb7
9. Be2 Nf6 10. O-O O-O 11. Qd2 c5 12. Nd1 Nc6 13. Qg5 Qd6 14. Re1 Rac8 15. Qg3
Qd7 16. Qg5 Nd8 17. Ne5 Qd6 18. Bg4 Nxg4 19. Nxg4 Bxb2 20. Nxb2 Qd4 21. Nh6+ Kg7
22. Nf5+ Kg8 23. Nxd4 cxd4 24. Rac1 e6 25. Nd1 Bd5 26. Qf4 Bxb3 27. cxb3 1-0

[Event "POLFINAL MISTRZOSTW POLSKI JUNIOROW 2018 - D13"]
[Site "Szczyrk"]
[Date "1899-12-30"]
[Round "2.3"]
[White "Cieslak, Jessica"]
[Black "Tim, Anna"]
[Result "1/2-1/2"]
[WhiteTitle "I"]
[BlackTitle "I"]
[WhiteElo "1318"]
[BlackElo "1188"]

1. d4 d5 2. c4 e6 3. Nf3 Nf6 4. Bf4 b6 5. e3 Bb7 6. Nc3 Bd6 7. Bxd6 Qxd6 8. cxd5
Nxd5 9. Be2 Nd7 10. Rc1 Rc8 11. Nb5 Qb4+ 12. Qd2 Qxd2+ 13. Kxd2 a6 14. Nc3 Nxc3
15. Rxc3 Nf6 16. Bd3 Ke7 17. a3 Rhd8 18. Rhc1 c5 19. Ke2 cxd4 20. Rxc8 Rxc8 21.
Rxc8 Bxc8 22. Nxd4 Bb7 23. f3 h6 24. Nc2 e5 25. e4 Nd7 26. b4 b5 27. Ne3 g6 28.
Bc2 h5 29. Bb3 Nb6 30. h3 Bc6 31. Kd2 Bb7 32. Kc3 Bc8 33. Nd5+ Nxd5+ 34. Bxd5
f6 35. Kd3 g5 36. Ke3 h4 37. Kf2 Kf8 38. g3 hxg3+ 39. Kxg3 Kg7 40. h4 Kh6 41.
Bf7 Bd7 42. h5 Bc8 43. Bg6 Bd7 44. Kf2 Bc8 45. Ke3 Bd7 46. Kd3 Bc6 47. Ke3 Bd7
48. Kf2 Bc8 49. Be8 Be6 50. Ke3 Bc8 51. Kd3 Bh3 52. Bc6 Bc8 53. Be8 Bh3 1/2-1/2

[Event "POLFINAL MISTRZOSTW POLSKI JUNIOROW 2018 - D13"]
[Site "Szczyrk"]
[Date "1899-12-30"]
[Round "2.4"]
[White "Trybus, Dominika"]
[Black "Czerwinska, Oliwia"]
[Result "1/2-1/2"]
[WhiteTitle "II"]
[BlackTitle "I"]
[WhiteElo "1118"]
[BlackElo "1300"]

1. c4 e5 2. Nc3 Nc6 3. g3 d6 4. Bg2 Nf6 5. d3 g6 6. e4 Bg7 7. Nge2 Nd4 8. O-O Bg4
9. f3 Bd7 10. Be3 c5 11. f4 Ng4 12. Bd2 f5 13. Nxd4 cxd4 14. Nb5 Qb6 15. Qe1 Bxb5
16. Ba5 Qa6 17. cxb5 Qxb5 18. Qd2 O-O 19. a4 Qd7 20. exf5 Ne3 21. Rfc1 Nxg2 22.
Qxg2 b6 23. Qd5+ Qf7 24. Qxf7+ Rxf7 25. fxg6 hxg6 26. Bd2 Bh6 27. Rf1 Raf8 28.
Rf3 exf4 29. Raf1 g5 30. g4 Re7 31. R1f2 Rfe8 32. Rh3 Kg7 33. Rhf3 Re2 34. Kf1
Rxf2+ 35. Rxf2 Kf7 36. Bb4 Re6 37. Rc2 a5 38. Bd2 Kf6 39. Kf2 Ke5 40. Kf3 Kf6
41. b3 Bf8 42. Rc8 Bh6 43. Rc1 Ke7 44. Rh1 Kd7 45. h4 gxh4 46. Rxh4 d5 47. Bxf4
Bxf4 48. Kxf4 Re3 49. g5 Ke7 50. Rh7+ Kf8 51. g6 Rxd3 52. Rf7+ Kg8 53. Kg5 Rg3+
54. Kf6 Rf3+ 55. Ke7 Re3+ 56. Kf6 Rf3+ 57. Ke7 Rg3 58. Kf6 d3 59. Rd7 Rf3+ 60.
Kg5 d2 61. Rxd5 Rf2 62. Kh6 Rh2+ 63. Kg5 Rf2 1/2-1/2

[Event "POLFINAL MISTRZOSTW POLSKI JUNIOROW 2018 - D13"]
[Site "Szczyrk"]
[Date "1899-12-30"]
[Round "2.5"]
[White "Reszka, Zofia"]
[Black "Matusik, Zuzanna"]
[Result "0-1"]
[WhiteTitle "I"]
[BlackTitle "I"]
[WhiteElo "1256"]
[BlackElo "1074"]

1. e4 e5 2. Nf3 Nc6 3. d4 exd4 4. Nxd4 Nf6 5. Nc3 Bb4 6. Nxc6 bxc6 7. Bd3 d5 8.
exd5 cxd5 9. O-O O-O 10. Bg5 Bb7 11. Qf3 Be7 12. Qh3 h6 13. Bxf6 Bxf6 14. Qf5
g6 15. Qh3 Bg7 16. Rab1 c6 17. Ne2 Qg5 18. Rfd1 Rfe8 19. c3 c5 20. f4 Qf6 21.
Kh1 c4 22. Bxc4 dxc4 23. Re1 Be4 24. Rbd1 Bc2 25. Rc1 Bd3 26. Qf3 Qe6 27. Qf2
Bxe2 28. Rc2 Qb6 29. Qxb6 axb6 30. Rcxe2 Rxe2 31. Rxe2 Rxa2 32. g3 Bf6 33. Rg2
Ra1+ 34. Rg1 Rxg1+ 35. Kxg1 Be7 36. Kf2 Bc5+ 37. Kf3 f5 38. h3 Kf7 39. Ke2 Ke6
40. Kf3 Kd5 41. g4 h5 42. gxh5 gxh5 43. h4 b5 44. Kg2 Ke4 45. Kg3 Be3 46. Kg2
Kxf4 47. Kh3 Bc1 48. b4 Bd2 49. Kg2 Kg4 50. Kh2 Bxc3 51. Kg2 Bxb4 52. Kf1 c3 53.
Ke1 c2+ 54. Kf2 c1=Q 55. Ke2 Qf4 56. Kd3 Qe4# 0-1

[Event "POLFINAL MISTRZOSTW POLSKI JUNIOROW 2018 - D13"]
[Site "Szczyrk"]
[Date "1899-12-30"]
[Round "2.7"]
[White "Kot, Marta"]
[Black "Niemier, Martyna"]
[Result "1-0"]
[WhiteTitle "II"]
[BlackTitle "II"]
[WhiteElo "1230"]
[BlackElo "1231"]

1. e4 d5 2. exd5 Qxd5 3. Nc3 Qa5 4. Nf3 Nf6 5. Bc4 Bf5 6. O-O e6 7. d3 c6 8. Bf4
Nbd7 9. Re1 Bb4 10. Qd2 O-O 11. h3 Nd5 12. Bxd5 cxd5 13. a3 Bxc3 14. Qxc3 Qxc3
15. bxc3 Rac8 16. Bd2 Rc6 17. Nd4 Rc7 18. Nxf5 exf5 19. Re7 Rd8 20. Rae1 Rcc8
21. Rb1 Kf8 22. Rbe1 h6 23. R7e3 a6 24. Rf3 Nf6 25. Rxf5 d4 26. c4 b6 27. Bxh6
Rc6 28. Bg5 Rdc8 29. Bxf6 gxf6 30. Re2 a5 31. Rd5 Rc5 32. Rxd4 b5 33. cxb5 Rxb5
34. Rd6 Rb1+ 35. Kh2 Ra1 36. Rxf6 Rxa3 37. Ra6 Ra2 38. h4 Kg7 39. Kg3 f6 40. h5
Rf8 41. Kg4 Kh6 42. Kh4 Ra4+ 43. Re4 Ra1 44. Re3 Ra2 45. Ra7 Ra4+ 46. Re4 Ra1
47. Re3 Ra4+ 48. g4 Rg8 49. f3 Ra1 50. Re6 Rh1+ 51. Kg3 Rg1+ 52. Kf4 Rf8 53. Kf5
Rf1 54. g5+ Kxh5 55. Rh7# 1-0

[Event "POLFINAL MISTRZOSTW POLSKI JUNIOROW 2018 - D13"]
[Site "Szczyrk"]
[Date "1899-12-30"]
[Round "2.8"]
[White "Uliasz, Katarzyna"]
[Black "Sidlo, Malgorzata"]
[Result "1-0"]
[WhiteTitle "I"]
[BlackTitle "II"]
[WhiteElo "1229"]
[BlackElo "1108"]

1. d4 d5 2. Bf4 e6 3. Nf3 Nc6 4. e3 Nf6 5. Nbd2 Be7 6. c3 O-O 7. Bd3 h6 8. O-O
Bd6 9. Bg3 Nh5 10. Bxd6 Qxd6 11. e4 Nf4 12. Bc2 e5 13. dxe5 Nxe5 14. Nxe5 Qxe5
15. Nf3 Qe6 16. exd5 Qxd5 17. Qxd5 Nxd5 18. Bb3 Nb6 19. Rfe1 Bd7 20. Ne5 Ba4 21.
Nf3 Rfe8 22. h3 c5 23. Nd2 Rac8 24. c4 Bc6 25. Nf1 Na4 26. Bxa4 Bxa4 27. b3 Bc6
28. Ne3 Kf8 29. a3 b6 30. b4 Bb7 31. Red1 g6 32. Rd7 Re7 33. Rad1 Ke8 34. R7d2
h5 35. b5 a6 36. a4 a5 37. Rd6 Re6 38. Rxe6+ fxe6 39. Rd6 Ke7 40. Rxb6 Rc7 41.
Nd1 Rd7 42. Nc3 Rc7 43. f3 Rd7 44. Kf1 g5 45. Ke2 Kf6 46. Ne4+ Bxe4 47. fxe4 Rd4
48. Ra6 Rxc4 49. Rxa5 Rxe4+ 50. Kd3 Rb4 51. Ra6 Rd4+ 52. Kc3 Ke5 53. b6 c4 54.
b7 Rd3+ 55. Kxc4 Rd4+ 56. Kc3 1-0

[Event "POLFINAL MISTRZOSTW POLSKI JUNIOROW 2018 - D13"]
[Site "Szczyrk"]
[Date "1899-12-30"]
[Round "2.9"]
[White "Samol, Julia"]
[Black "Szymura, Oliwia"]
[Result "1/2-1/2"]
[WhiteTitle "III"]
[BlackTitle "II"]
[WhiteElo "1025"]
[BlackElo "1174"]

1. e4 e5 2. Nf3 Nc6 3. Bc4 Bc5 4. O-O Nf6 5. d3 h6 6. c3 d6 7. Bb3 O-O 8. Re1 Bg4
9. Nbd2 Qe7 10. Nf1 Rad8 11. Ng3 Rfe8 12. h3 Bd7 13. d4 exd4 14. Nxd4 d5 15. Bc2
dxe4 16. Nxe4 Nxe4 17. Rxe4 Qf6 18. Be3 Nxd4 19. cxd4 Bd6 20. Rc1 Bf5 21. Rxe8+
Rxe8 22. Bxf5 Qxf5 23. Rc3 Re6 24. d5 Re5 25. Rd3 b6 26. Qd2 Qg6 27. Bf4 Re7 28.
Bxd6 Qxd6 29. Qd1 Rd7 30. Qd2 c6 31. Re3 Kf8 32. Qe2 Re7 33. Rxe7 Qxe7 34. Qxe7+
Kxe7 35. dxc6 Kd6 36. c7 Kxc7 37. Kf1 Kd6 38. Ke2 Kc6 39. Kd3 Kd5 40. Kc3 Kc5
41. Kd3 Kd5 42. Ke3 Ke5 1/2-1/2

[Event "POLFINAL MISTRZOSTW POLSKI JUNIOROW 2018 - D13"]
[Site "Szczyrk"]
[Date "1899-12-30"]
[Round "2.10"]
[White "Golinska, Patrycja"]
[Black "Bienek, Magdalena"]
[Result "1-0"]
[WhiteTitle "I"]
[BlackTitle "II"]
[WhiteElo "1140"]
[BlackElo "1126"]

1. e4 c5 2. Nf3 e6 3. d4 cxd4 4. Nxd4 Nf6 5. Nc3 Nc6 6. Nxc6 bxc6 7. Bd3 Bb4 8.
Bd2 d5 9. exd5 cxd5 10. O-O O-O 11. a3 Ba5 12. Re1 Rb8 13. Rb1 Re8 14. h3 d4 15.
Ne4 Nxe4 16. Bxe4 Bxd2 17. Qxd2 Bb7 18. Bxb7 Rxb7 19. Re4 e5 20. Rg4 Re6 21. Qd3
Rbb6 22. Qg3 g6 23. Re4 Qc7 24. Qd3 Rbc6 25. Rc1 Qb6 26. Rb1 Qc7 27. Rc1 Rb6 28.
Rb1 Rec6 29. Re2 Rc5 30. Qe4 Ra5 31. Qd3 Qd6 32. Ree1 Rab5 33. b4 a5 34. Red1
axb4 35. axb4 Rxb4 36. Rxb4 Rxb4 37. c3 Rb3 38. Qd2 Rxc3 39. Qxc3 dxc3 40. Rxd6
c2 41. Rc6 c1=Q+ 42. Rxc1 1-0

[Event "POLFINAL MISTRZOSTW POLSKI JUNIOROW 2018 - D13"]
[Site "Szczyrk"]
[Date "1899-12-30"]
[Round "2.12"]
[White "Zalega, Joanna"]
[Black "Labedz, Gabriela"]
[Result "1/2-1/2"]
[WhiteTitle "II"]
[BlackTitle "II"]
[WhiteElo "1129"]
[BlackElo "1062"]

1. d4 d5 2. c4 e6 3. Nc3 c6 4. Nf3 Nf6 5. Bg5 Nbd7 6. e3 Qb6 7. Qc2 Bb4 8. Bd3
h6 9. Bh4 O-O 10. O-O Qc7 11. h3 b6 12. Bg3 Bd6 13. Bxd6 Qxd6 14. Qa4 Bb7 15.
Rac1 e5 16. dxe5 Nxe5 17. Nxe5 Qxe5 18. cxd5 cxd5 19. Ba6 Bxa6 20. Qxa6 Nd7 21.
Qb7 Nf6 22. Rfd1 Rfd8 23. Rd2 Ne4 24. Rxd5 Nc5 25. Qxa8 Rxa8 26. Rxe5 Nd3 27.
Rd5 Nxc1 28. Rd1 Nxa2 29. Nxa2 Rc8 30. Nc3 a5 31. Nd5 Rb8 32. f4 f6 33. Kf2 Kf7
34. Kf3 b5 35. Rc1 Rd8 36. e4 f5 37. Rc5 fxe4+ 38. Kxe4 Re8+ 39. Kf3 Rb8 40. Nc3
b4 41. Ne4 Ra8 42. Rb5 Ra6 43. Nd2 Kf6 44. Nc4 g5 45. Rxa5 Rc6 46. Ne3 Rd6 47.
fxg5+ hxg5 48. Rb5 Rd4 49. Ng4+ Ke6 50. Rxg5 Rd2 51. Re5+ Kf7 52. Re2 Rd3+ 53.
Kf2 Rd5 54. b3 Rf5+ 55. Ke1 Rd5 56. Re4 Rb5 57. Ne5+ Kf6 58. Nd3 Rg5 59. Kf1 Rg3
60. Nxb4 Rxb3 61. Nd5+ Kf5 62. Re3 Rb1+ 63. Kf2 Rb2+ 64. Kf3 Kg6 65. g4 Kg5 66.
Kg3 Rd2 67. Re5+ Kh6 68. h4 Rd3+ 69. Re3 Rxd5 70. Kf4 Rb5 71. Re6+ Kg7 72. h5
Kh7 73. g5 Kg7 74. Re5 Rb6 75. Kf5 Kf7 76. h6 Kg8 77. g6 Rb8 78. Re6 Rb5+ 79.
Kf6 Rb8 80. h7+ Kh8 81. g7+ Kxh7 82. Re7 Kg8 83. Re6 Kh7 84. Re5 Kg8 85. Re6 Kh7
86. Kf7 Rb7+ 87. Kf6 Rxg7 88. Re5 Rg6+ 89. Kf7 Rg7+ 90. Ke6 Rg6+ 91. Kd5 Kg7 1/2-1/2

[Event "POLFINAL MISTRZOSTW POLSKI JUNIOROW 2018 - D13"]
[Site "Szczyrk"]
[Date "1899-12-30"]
[Round "3.1"]
[White "Pietrzak, Emilia"]
[Black "Krzyzosiak, Anna"]
[Result "1/2-1/2"]
[WhiteTitle "II+"]
[BlackTitle "I++"]
[WhiteElo "1189"]
[BlackElo "1515"]

1. e4 e5 2. Nc3 Nc6 3. f4 Bb4 4. Nf3 d6 5. Bb5 Bd7 6. Bxc6 Bxc6 7. fxe5 Bxc3 8.
bxc3 dxe5 9. d3 f6 10. O-O Ne7 11. Ba3 O-O 12. Nh4 Rf7 13. Nf5 Nxf5 14. Rxf5 Qe8
15. Qe2 b6 16. Raf1 Bb7 17. Bc1 c5 18. g4 Bc8 19. R5f2 Qe6 20. g5 Bd7 21. gxf6
Rxf6 22. Rxf6 gxf6 23. Qf3 Rf8 24. Bh6 Rf7 25. Kh1 Qh3 26. Qxh3 Bxh3 27. Rf3 Bd7
28. Rg3+ Kh8 29. Rf3 Kg8 30. Rg3+ Kh8 1/2-1/2

[Event "POLFINAL MISTRZOSTW POLSKI JUNIOROW 2018 - D13"]
[Site "Szczyrk"]
[Date "1899-12-30"]
[Round "3.2"]
[White "Matusik, Zuzanna"]
[Black "Lajdamik, Anna"]
[Result "1/2-1/2"]
[WhiteTitle "I"]
[BlackTitle "II"]
[WhiteElo "1074"]
[BlackElo "1227"]

1. e4 c6 2. d4 d5 3. exd5 cxd5 4. Bd3 Nc6 5. c3 Nf6 6. h3 Bd7 7. Nf3 e6 8. O-O
Qc7 9. Bg5 Be7 10. Nbd2 O-O 11. Re1 Rfc8 12. Ne5 a6 13. Qf3 Be8 14. Qg3 b5 15.
f4 b4 16. Nxc6 Qxc6 17. cxb4 Qb6 18. Nf3 Qxb4 19. b3 Rc3 20. Red1 Ne4 21. Bxe7
Qxe7 22. Qe1 Qc7 23. Bxe4 dxe4 24. Qxe4 Bc6 25. Qe5 Bxf3 26. Qxc7 Rxc7 27. gxf3
Rd8 28. Rd2 Rcd7 29. Rc1 Kf8 30. Rc4 Rd5 31. Ra4 a5 32. Kf2 Ke7 33. Ke3 Rh5 34.
Ke4 f5+ 35. Ke3 Rc8 36. Rxa5 Rc3+ 37. Ke2 Rxh3 38. d5 Rh2+ 39. Kd1 Rh1+ 1/2-1/2

[Event "POLFINAL MISTRZOSTW POLSKI JUNIOROW 2018 - D13"]
[Site "Szczyrk"]
[Date "1899-12-30"]
[Round "3.3"]
[White "Czerwinska, Oliwia"]
[Black "Cieslak, Jessica"]
[Result "1-0"]
[WhiteTitle "I"]
[BlackTitle "I"]
[WhiteElo "1300"]
[BlackElo "1318"]

1. e4 Nf6 2. e5 Nd5 3. d4 d6 4. c4 Nb6 5. Nf3 g6 6. Bf4 Bg7 7. Be2 Nc6 8. Nc3 Bg4
9. exd6 cxd6 10. d5 Bxf3 11. Bxf3 Na5 12. Be2 O-O 13. Rc1 Naxc4 14. Bxc4 Nxc4
15. Qb3 Nb6 16. O-O Qd7 17. Be3 Bxc3 18. Rxc3 Na4 19. Rc2 b6 20. Rfc1 Nc5 21.
Qc3 Rfc8 22. Bh6 f6 23. b4 Qf5 24. bxc5 Rxc5 25. Qd2 Rxd5 26. Qe2 Re5 27. Qc4+
Qe6 28. Qxe6+ Rxe6 29. Rc8+ Kf7 30. Rxa8 1-0